[Event "Mechanics' Bedjanian TNM; G/2 d/5"]
[Site "San Francisco"]
[Date "2018.10.30"]
[Round "2.15"]
[White "Sherwood, Peter"]
[Black "Anderson, Michael"]
[Result "0-1"]
[WhiteElo "1611"]
[BlackElo "1904"]
[Annotator "Donaldson"]
[PlyCount "72"]
[EventDate "2018.??.??"]
[Source "ChessBase"]
[SourceDate "2007.09.04"]

1. e4 c5 2. Nf3 e6 3. d4 cxd4 4. Nxd4 a6 5. Bd3 g6 6. c4 Bg7 7. Nf3 Nf6 8. Nc3
d6 9. O-O Nbd7 10. Qe2 Qc7 11. h3 (11. Bf4 {immediately as h3 is not needed.})
11... O-O 12. Bf4 Ne5 13. Nxe5 dxe5 14. Bg5 Nh5 15. g3 Bd7 16. Rac1 h6 17. Be3
Be8 18. Rfd1 f5 19. exf5 gxf5 20. Bd2 (20. c5 {
to transfer the bishop to c4 and secure the d6 square.}) 20... e4 21. Nxe4 $5
fxe4 (21... Bd4 $1 {to capture on g3.}) 22. Qxe4 Nf6 23. Qxe6+ Bf7 24. Qf5 Qc6
25. Bc3 $2 (25. Re1 {and White's three pawns are almost equal to the piece.})
25... Be6 $19 26. Qe5 Bxh3 27. Bf1 Bxf1 28. Rxf1 Qxc4 29. b3 Qe4 30. Rfe1 Qxe5
31. Rxe5 Ng4 32. Re2 Rac8 33. Bd2 Rxc1+ 34. Bxc1 Bd4 35. Bf4 Nxf2 36. Bxh6 $4
Ng4+ 0-1

[Event "Mechanics' Shipman TNM; G/2 d/5"]
[Site "San Francisco"]
[Date "2018.09.04"]
[Round "5.13"]
[White "Sherwood, Peter"]
[Black "Boldi, Ethan"]
[Result "0-1"]
[WhiteElo "1639"]
[BlackElo "2011"]
[Annotator "Winslow,Elliott"]
[PlyCount "38"]
[EventDate "2018.??.??"]
[Source "ChessBase"]
[SourceDate "2007.09.04"]

{From Sherwood -- I should have grabbed Board 21!} 1. e4 e6 2. d4 d5 3. Nd2 Nf6
4. e5 Nfd7 5. Bd3 c5 6. c3 Nc6 7. Ne2 a6 8. Nf3 b5 9. O-O Bb7 10. a3 Qb6 11.
Be3 Rc8 12. Rc1 cxd4 13. Nexd4 Nxd4 14. Bxd4 Bc5 15. Qe2 Qc7 16. Rc2 Nb6 17.
Ng5 h6 18. Qh5 O-O 19. Qh3 Qe7 {0-1 73} 0-1

[Event "Mechanics' Summer TNM; G/2 d/5"]
[Site "San Francisco"]
[Date "2018.07.10"]
[Round "7.28"]
[White "Sherwood, Peter"]
[Black "Boldt, Tim"]
[Result "1-0"]
[WhiteElo "1625"]
[BlackElo "1337"]
[PlyCount "91"]
[EventDate "2018.??.??"]
[Source "ChessBase"]
[SourceDate "2007.09.04"]

1. e4 e6 2. d4 d5 3. Nc3 dxe4 4. Nxe4 Bd7 5. Nf3 Bc6 6. Bd3 Nd7 7. c3 Ngf6 8.
Qc2 Be7 9. O-O Nxe4 10. Bxe4 Bxe4 11. Qxe4 c6 12. Re1 O-O 13. Qc2 Nf6 14. Qb3
Qc7 15. Bd2 c5 16. Bg5 cxd4 17. cxd4 Nd5 18. Rac1 Qd8 19. Bxe7 Qxe7 $2 20. Qxd5
Qb4 21. Qb3 Qa5 22. Re5 Qa6 23. Qc4 Qxc4 24. Rxc4 b6 25. Re1 h6 26. Rec1 Rfd8
27. Kf1 Rd5 28. Ke2 Rad8 29. Rc8 Kf8 30. Rxd8+ Rxd8 31. Ke3 f6 32. Rc7 a6 33.
Nd2 e5 34. dxe5 fxe5 35. Nc4 b5 36. Nxe5 Re8 37. Kf4 a5 38. Kf5 Kg8 39. f4 Rf8+
40. Kg4 Re8 41. g3 g5 42. Kh5 gxf4 43. gxf4 Rf8 44. Kxh6 Rxf4 $2 45. Rg7+ Kf8
46. Ng6+ 1-0

[Event "Mechanics' Winter TNM; G/2 d5"]
[Site "San Francisco"]
[Date "2018.01.09"]
[Round "1.43"]
[White "Sherwood, Peter"]
[Black "Cendejas, Jon"]
[Result "1-0"]
[WhiteElo "1651"]
[BlackElo "422"]
[PlyCount "117"]
[EventDate "2018.??.??"]
[Source "ChessBase"]
[SourceDate "2007.09.04"]

1. d4 d5 2. c4 e6 3. Nf3 Nf6 4. Nc3 Be7 5. e3 O-O 6. Bd3 h6 7. O-O b6 8. Qc2
Ba6 9. b3 Bd6 10. e4 g6 11. e5 Bb4 12. exf6 Qxf6 13. Bxh6 Re8 14. Bg5 Qg7 15.
Rfe1 c5 16. Be3 Nc6 17. a3 Bxc3 18. Qxc3 e5 19. dxe5 d4 20. Nxd4 cxd4 21. Bxd4
Nxd4 22. Qxd4 Rad8 23. Qe4 $6 Re7 24. Rad1 Bb7 25. Qe3 Rde8 26. f4 g5 27. Qg3
gxf4 28. Qxg7+ Kxg7 29. Rf1 Rxe5 30. Rxf4 Re1+ 31. Rxe1 Rxe1+ 32. Kf2 Rd1 33.
Rg4+ Kf8 34. Ke3 Re1+ 35. Kf2 Rd1 36. Be4 Bxe4 37. Rxe4 Rd2+ 38. Kf3 Rd3+ 39.
Re3 Rd6 40. g3 Rf6+ 41. Ke2 Rh6 42. h4 f5 43. Kf3 Kf7 44. Kf4 Kf6 45. Rd3 Rh5
46. Rd7 Kg6 47. Rxa7 Kf6 48. Rb7 Ke6 49. Rxb6+ Kd7 50. c5 Kc7 51. a4 Kc8 52. a5
Kc7 53. b4 Kc8 54. a6 Rh8 55. Rb7 Rd8 56. Kxf5 Rf8+ 57. Kg4 Rg8+ 58. Kh3 Rd8
59. h5 1-0

[Event "Mechanics' Summer TNM; G/2 d/5"]
[Site "San Francisco"]
[Date "2018.06.12"]
[Round "3.33"]
[White "Sherwood, Peter"]
[Black "Da Costa, A Mendes"]
[Result "1-0"]
[WhiteElo "1625"]
[BlackElo "957"]
[PlyCount "75"]
[EventDate "2018.??.??"]
[Source "ChessBase"]
[SourceDate "2007.09.04"]

1. e4 e5 2. Nf3 Nc6 3. Bb5 Nf6 4. O-O a6 5. Ba4 Bc5 6. d3 O-O 7. Be3 Bxe3 8.
fxe3 Ng4 9. Qe2 Nb4 10. h3 Nf6 11. Nxe5 d6 12. Nf3 b5 13. Bb3 Bb7 14. a3 Nc6
15. Nc3 Nh5 16. Qf2 Nf6 17. Nd5 Na5 18. Ba2 Bxd5 19. Bxd5 Nxd5 20. exd5 Qf6 21.
Nd4 Qe7 22. Qg3 Qd7 23. b4 c5 24. Nf5 g6 25. bxa5 Kh8 26. Nh6 Rae8 27. e4 Re5
28. Rf3 Qa7 29. Qf2 Kg7 30. Ng4 Rh5 31. Rf1 Qe7 32. Qd2 c4 33. Qc3+ f6 34. Rxf6
Rxf6 35. Rxf6 Kg8 36. Re6 Qa7+ 37. Kh1 Qd7 38. Nf6+ 1-0

[Event "Mechanics' Shipman TNM; G/2 d/5"]
[Site "San Francisco"]
[Date "2018.08.14"]
[Round "2.17"]
[White "Sherwood, Peter"]
[Black "Gaffagan, Steven"]
[Result "0-1"]
[WhiteElo "1639"]
[BlackElo "2084"]
[Annotator "Donaldson"]
[PlyCount "114"]
[EventDate "2018.??.??"]
[Source "ChessBase"]
[SourceDate "2007.09.04"]

1. d4 Nf6 2. c4 e6 3. Nc3 Bb4 4. Qc2 d5 5. cxd5 Qxd5 6. Nf3 Qf5 7. Qxf5 exf5 8.
Bf4 O-O (8... c6 9. a3 Be7) 9. a3 (9. Bxc7 Be6 (9... Nd5 $2 10. Bd6 $1) 10. Bg3
Rc8 11. Rc1 Nd5) 9... Ba5 10. b4 Bb6 11. e3 Be6 12. Bd3 g6 13. O-O Nbd7 14.
Rac1 a6 15. Na4 Rac8 16. Nxb6 (16. Nc5 $1 Bxc5 (16... Nxc5 17. bxc5 Ba5 18. Ne5
{with ideas of Nc4 and c5-c6.}) 17. bxc5 c6 $2 18. Rb1 $18) 16... cxb6 17. Ne5
b5 18. Be2 (18. Nxd7 Nxd7 19. Rfe1 {with the idea of f3 and e4 while retaining
the two bishops. Now White starts to drift.}) 18... Nb6 19. f3 Rfe8 20. Kf2 Kg7
21. Bg5 Nfd5 22. Nd3 h6 23. Bf4 g5 $1 24. Bg3 Nc4 25. e4 f4 26. exd5 fxg3+ 27.
hxg3 Bxd5 28. Rc3 Re3 29. Rxc4 Rxe2+ 30. Kxe2 Rxc4 31. Rc1 Rxd4 32. Ke3 Rc4 33.
Rxc4 bxc4 34. Nc5 Bc6 35. Kd4 h5 (35... g4 $1) 36. Kxc4 $11 f5 37. Kd4 Kf6 38.
Nd3 $2 (38. Nb3 Bb5 39. Na5 b6 40. Nc4 $11) 38... Bb5 $1 39. f4 g4 40. Ke3 Bc6
41. Kf2 Ke6 42. Ne5 Be8 $2 (42... Kd5 $19) 43. Ke3 (43. Nc4 $1 Kd5 44. Ne3+ Ke4
45. Nc4 Kd5 46. Ne3+ Ke6 $11) 43... Kd5 44. Kd3 Bb5+ 45. Ke3 b6 46. Ng6 a5 (
46... Kc4 $1) 47. Ne7+ Ke6 48. Nc8 axb4 49. axb4 Bc6 50. Nxb6 Bxg2 51. Nc4 Kd5
52. Ne5 Bf1 53. Nd7 Ke6 54. Nc5+ Kd6 55. Nd3 $4 (55. Kd4 $11) 55... Bxd3 56.
Kxd3 Kd5 57. Ke3 (57. Kc3 h4) 57... Kc4 0-1

[Event "Mechanics' Shipman TNM; G/2 d/5"]
[Site "San Francisco"]
[Date "2018.09.11"]
[Round "6.28"]
[White "Sherwood, Peter"]
[Black "Harris, Clarence"]
[Result "1-0"]
[WhiteElo "1639"]
[BlackElo "1400"]
[Annotator "Sherwood"]
[PlyCount "63"]
[EventDate "2018.??.??"]
[Source "ChessBase"]
[SourceDate "2007.09.04"]

1. e4 e5 2. Nf3 Nc6 3. Bc4 Nf6 4. d4 d5 5. exd5 Na5 6. Bb5+ c6 7. dxc6 bxc6 8.
Ba4 Bg4 9. Qe2 $6 (9. O-O) 9... e4 10. Qe3 Bxf3 11. gxf3 Qd5 12. Bd2 (12. fxe4)
12... Nc4 13. fxe4 Nxe4 14. Nc3 Nxe3 15. Nxd5 Nxc2+ 16. Bxc2 cxd5 17. Ba4+ Ke7
18. Bc6 Rd8 (18... Rb8 $142 19. Bxd5 Nxd2 20. Kxd2 Rxb2+ 21. Ke3) 19. Ba5 Rb8
20. Bxd5 Nf6 (20... Nxf2 21. O-O $1 Nh3+ 22. Kg2 Ng5 23. Rae1+ Kd6 24. Bb3) 21.
Bb3 Kd6 22. Bd2 Nd5 23. Rg1 $6 g6 24. Rc1 Bg7 25. Rc5 Rxb3 26. axb3 Bxd4 27.
Rc2 Re8+ 28. Kf1 Re4 29. Rg3 Nf4 30. Rf3 (30. f3) 30... g5 31. Bxf4+ gxf4 32.
Rh3 1-0

[Event "Mechanics' Winter TNM; G/2 d5"]
[Site "San Francisco"]
[Date "2018.01.23"]
[Round "3.19"]
[White "Sherwood, Peter"]
[Black "Jones, James E"]
[Result "0-1"]
[WhiteElo "1651"]
[BlackElo "2017"]
[Annotator "Donaldson"]
[PlyCount "106"]
[EventDate "2018.??.??"]
[Source "ChessBase"]
[SourceDate "2007.09.04"]

1. d4 c5 2. d5 Nf6 3. c4 Ne4 4. Qc2 Qa5+ 5. Nd2 Nf6 6. e4 d6 7. Ne2 g6 8. Nc3
Bd7 9. Be2 Bg7 10. O-O O-O 11. Nf3 (11. f4) (11. a3) 11... Bg4 12. h3 Bxf3 13.
Bxf3 Nbd7 14. Bd2 a6 15. Be2 Rfb8 16. f4 (16. a4) 16... Ne8 17. Rab1 b5 18. b3
b4 19. Na4 Bd4+ 20. Kh1 Nef6 21. h4 (21. g4) 21... h5 22. f5 (22. e5 dxe5 23.
f5 e4) 22... Ne5 23. fxg6 fxg6 24. Bg5 (24. a3) 24... Rf8 25. Rf4 Rae8 (25...
Nh7 26. Rxf8+ Rxf8 27. Bxe7 Rf2) 26. Qd2 Qc7 27. Rbf1 Qd8 28. Nb2 Neg4 29. Nd3
(29. Bxg4 Nxg4 30. Nd3) 29... Be3 30. Qc2 $2 (30. Qe1 {was better allowing}
Bxf4 31. Nxf4 {heading to e6 with compensation.}) 30... Bxf4 31. Nxf4 (31. Rxf4
) 31... Ne3 {The difference with the queen on c2.} 32. Qd3 Nxf1 33. Ne6 Nxe4 $6
(33... Qa5) 34. Kg1 $1 Qa5 35. Qxe4 {
The tide has turned and now White is winning.} Rf5 {Diagram [#]} 36. Bxf1 (36.
Qc2 $3 Ng3 37. Bd3 {with the idea of Kh2.} Kh7 38. Kh2 Nf1+ 39. Kh3) 36... Qxa2
37. Be2 $2 (37. Nf4 $1) 37... Qxb3 38. Bxh5 $1 Qg3 39. Bxg6 $2 (39. Nf4 Rxg5
40. hxg5 Qxg5 41. Bxg6 $11 {anyone's game!}) 39... Re5 $1 40. Qxe5 dxe5 41.
Bxe8 b3 42. Nxc5 b2 43. Bg6 Qe1+ 44. Kh2 e4 45. Bxe4 Qxe4 46. Nxe4 b1=Q 47. Nc5
Qb8+ 48. Kh1 Qd6 49. Ne4 Qb4 50. Nd2 a5 51. Be3 a4 52. c5 Qxh4+ 53. Kg1 Qe1+
0-1

[Event "Mechanics' Spring TNM; G/2 d5"]
[Site "San Francisco"]
[Date "2018.03.27"]
[Round "2.16"]
[White "Sherwood, Peter"]
[Black "Krasnov, Steven"]
[Result "1-0"]
[WhiteElo "1651"]
[BlackElo "1908"]
[PlyCount "145"]
[EventDate "2018.??.??"]
[Source "ChessBase"]
[SourceDate "2007.09.04"]

1. e4 c5 2. Nf3 e6 3. d4 cxd4 4. Nxd4 a6 5. Bd3 Nf6 6. O-O Qc7 7. Nc3 Bc5 8.
Nf3 d6 9. Qe2 Nbd7 10. Be3 b5 11. a3 Bb7 12. h3 Rc8 13. Rac1 O-O 14. Rfe1 Bxa3
15. Nxb5 axb5 16. bxa3 Nxe4 17. Bd4 Nc3 18. Bxc3 Qxc3 19. Bxb5 Bxf3 20. Qxf3
Qxf3 21. gxf3 Ne5 22. Re3 Rc5 23. a4 Rd8 24. Kf1 Kf8 25. Ke2 Ng6 26. Kd2 d5 27.
Rc3 Rdc8 28. Rxc5 Rxc5 29. Rb1 Ke7 30. a5 Ne5 31. a6 Rc7 32. Be2 Kd7 33. Rg1 g6
34. h4 h5 35. Rb1 Kc8 36. Rb4 Nc6 37. Rb2 Nd4 38. Bd1 Ra7 39. c3 Nf5 40. Be2
Nxh4 41. Rb6 Kc7 42. Rb4 Nf5 43. Bd3 Nd6 44. Ke3 e5 45. Bf1 Kc6 46. Be2 f6 47.
Bf1 h4 48. f4 Nf5+ 49. Kf3 Rh7 50. Bh3 {
moves from here on are reconstructed--both sides were low on time} e4+ 51. Kg4
Kc5 52. Bf1 Ra7 53. Kh3 e3 54. fxe3 Nxe3 55. Be2 Nf5 $138 56. Kg4 {draw offer}
Kc6 57. Kf3 h3 58. Kf2 Kc5 59. Rb5+ Kc6 60. Rb4 Rh7 61. Rb1 h2 62. Rh1 Nd6 63.
Kg2 Nc4 64. Rxh2 Rxh2+ 65. Kxh2 Kb6 66. Kg3 Kxa6 67. Kg4 f5+ 68. Kg5 Kb5 69.
Kxg6 Kc5 70. Kxf5 -- 71. Bxc4 Kxc4 72. Ke5 Kxc3 73. Kxd5 1-0

[Event "Mechanics' Shipman TNM; G/2 d/5"]
[Site "San Francisco"]
[Date "2018.09.25"]
[Round "8.23"]
[White "Sherwood, Peter"]
[Black "Latourette, Nicholas"]
[Result "0-1"]
[WhiteElo "1639"]
[BlackElo "1094"]
[PlyCount "104"]
[EventDate "2018.??.??"]
[Source "ChessBase"]
[SourceDate "2007.09.04"]

1. d4 d5 2. c4 e6 3. Nf3 Nf6 4. e3 b6 5. cxd5 Nxd5 6. Bd3 Bb7 7. O-O Be7 8.
Nbd2 O-O 9. a3 Nd7 10. Re1 c5 11. Qc2 h6 12. Ne4 Rc8 13. Qb1 c4 14. Be2 b5 15.
Bd2 a5 16. Rc1 a4 17. Nc3 Bc6 18. Nxd5 Bxd5 19. Qc2 f5 20. Qd1 g5 21. Ne5 Nxe5
22. dxe5 Qc7 23. Bc3 Qc6 24. Bf3 Bxf3 25. Qxf3 Qxf3 26. gxf3 f4 27. Kg2 Rfd8
28. Rd1 Rxd1 29. Rxd1 Rd8 30. Rd4 Rxd4 31. exd4 Kf7 32. h3 Bd8 33. Bd2 Bb6 34.
Bc3 Ke7 35. h4 Kd7 36. hxg5 hxg5 37. Kh3 Kc6 38. Kg4 Kd5 39. Kxg5 Bxd4 40. Bxd4
Kxd4 41. Kxf4 b4 42. axb4 a3 43. bxa3 c3 44. b5 c2 45. a4 c1=Q+ 46. Kg3 Qa3 47.
Kg4 Qxa4 48. f4 Qxb5 49. f3 Ke3 50. Kg5 Kxf3 51. Kf6 Kxf4 52. Kxe6 Qxe5+ 0-1

[Event "Mechanics' Summer TNM; G/2 d/5"]
[Site "San Francisco"]
[Date "2018.05.29"]
[Round "1.6"]
[White "Sherwood, Peter"]
[Black "Mackenzie, Dana N"]
[Result "0-1"]
[WhiteElo "1625"]
[BlackElo "2180"]
[PlyCount "98"]
[EventDate "2018.??.??"]
[Source "ChessBase"]
[SourceDate "2007.09.04"]

1. e4 e5 2. Nf3 Nc6 3. Bb5 Nd4 4. Nxd4 exd4 5. d3 g6 6. O-O Bg7 7. Bf4 Ne7 8.
Nd2 O-O 9. Nf3 c6 10. Bc4 d5 11. exd5 Nxd5 12. Be5 Bxe5 13. Nxe5 Qd6 14. Nf3
Kg7 15. Nxd4 Nf4 16. Ne2 b5 17. Bb3 Bb7 18. Nxf4 Qxf4 19. Re1 c5 20. Re3 Rad8
21. Qe2 Rd7 22. Re1 Qg5 23. Rg3 Qf6 24. c3 Rfd8 25. Bc2 Qc6 26. Qg4 a5 27. h4
Bc8 28. Qe4 Qb6 29. Qe5+ f6 30. Qe3 a4 31. h5 Rf7 32. hxg6 hxg6 33. Qe4 f5 34.
Qe5+ Qf6 35. Qxf6+ Kxf6 36. Rge3 f4 37. Re5 Rc7 38. b3 axb3 39. Bxb3 $4 Rxd3
40. Rd5 Rxc3 41. Rd6+ Kg7 42. Be6 Re7 43. f3 Rxe6 44. Rdxe6 Bxe6 45. Rxe6 Rc2
46. Rc6 b4 47. Kf1 Rxa2 48. Rxc5 b3 49. Rb5 b2 0-1

[Event "Mechanics' Spring TNM; G/2 d5"]
[Site "San Francisco"]
[Date "2018.04.10"]
[Round "4.19"]
[White "Sherwood, Peter"]
[Black "Marcus, Joel"]
[Result "0-1"]
[WhiteElo "1651"]
[BlackElo "1917"]
[Annotator "Donaldson"]
[PlyCount "160"]
[EventDate "2018.??.??"]
[Source "ChessBase"]
[SourceDate "2007.09.04"]

1. e4 d6 2. d4 Nf6 3. Nc3 Nbd7 4. g4 h6 5. Be3 e5 6. f4 c6 7. Bg2 Qc7 8. h3 Nb6
9. Qd3 Be7 10. Nf3 exf4 11. Bxf4 Be6 12. Nd2 Rd8 13. O-O Qc8 14. Rae1 d5 15. e5
Nh7 16. Nf3 O-O 17. Ne2 Nd7 18. Ng3 Rfe8 19. Nf5 Bf8 {White has played very
well so far and has a clear advantage, but finding the right way to make
further progress is not simple, as Black's position is quite solid.} 20. g5 $5
(20. Rf2 {
followed by doubling rooks on the f-file is one idea worth considering.}) 20...
h5 $2 {Diagram [#]} (20... c5 {with the idea} 21. gxh6 $2 c4 {
was a tougher defense.}) 21. Ng3 (21. N3h4 $1 {threatening g5-g6} g6 22. Nxg6
fxg6 23. Nd6 Bf5 (23... Bxd6 24. Qxg6+ Kh8 25. exd6 $18) 24. Nxf5 gxf5 25. g6
$18) 21... g6 22. Nh4 Bg7 23. Nxg6 $1 fxg6 24. Qxg6 Bf7 25. Qd3 Ndf8 26. Bd2 (
26. Be3 {is more exact, allowing the queen to target the h-pawn after} Bg6 27.
Qd1) 26... Bg6 27. Qf3 $2 (27. Nf5 $11) 27... Qe6 $2 (27... Ne6 {
was much more natural and would have left Black with a large advantage.} 28.
Nxh5 Nxd4) 28. Nxh5 Bxh5 29. Qxh5 Qg6 30. Qg4 Ne6 31. h4 Qxc2 32. g6 $2 ({
Too impatient. Instead} 32. Bc3 Qg6 33. Rf5 {with the idea} Rf8 $2 34. Rf6 $1 {
leaves White on top.}) 32... Qxd2 33. gxh7+ Kh8 {
Now the attack is over and Black is winning.} 34. Re2 Qxd4+ 35. Qxd4 Nxd4 36.
Rd2 Ne6 37. Rf7 Nc5 38. b4 Ne4 39. Bxe4 dxe4 40. Rg2 Bxe5 41. Rxb7 e3 42. Re2
Rd1+ 43. Kg2 Rd2 44. Kf3 Bd4 45. Rf7 Rxe2 46. Kxe2 Bb6 47. a4 Rd8 48. Re7 Rf8
49. a5 Rf2+ 50. Ke1 Bd4 51. h5 Bc3+ 52. Kd1 Rf1+ 53. Ke2 Re1+ 54. Kd3 Bxb4 55.
h6 Rd1+ 56. Ke2 Re1+ 57. Kd3 Bxa5 58. Rxa7 Bd2 59. Re7 Rh1 60. Rc7 c5 61. Rxc5
Rxh6 62. Re5 Rxh7 63. Ke2 Rf7 64. Re6 Kg7 65. Kd1 Rf6 66. Re8 Kf7 67. Re4 Re6
68. Rf4+ Ke7 69. Ke2 Kd6 70. Rf5 Re5 71. Rf8 Kd5 72. Rf7 Rh5 73. Re7 Rh2+ 74.
Kd1 Kd4 75. Rd7+ Kc3 76. Rc7+ Kb3 77. Rb7+ Bb4 78. Rxb4+ Kxb4 79. Ke1 Kc3 80.
Kd1 Kd3 0-1

[Event "Mechanics' Spring TNM; G/2 d5"]
[Site "San Francisco"]
[Date "2018.04.24"]
[Round "6.16"]
[White "Sherwood, Peter"]
[Black "Pryor, Jamieson"]
[Result "0-1"]
[WhiteElo "1651"]
[BlackElo "1984"]
[PlyCount "58"]
[EventDate "2018.??.??"]
[Source "ChessBase"]
[SourceDate "2007.09.04"]

1. e4 c5 2. Nf3 d6 3. d4 cxd4 4. Nxd4 Nf6 5. Nc3 a6 6. Be3 e6 7. f3 Be7 8. Qd2
Qc7 9. g4 b5 10. O-O-O b4 11. Na4 Nc6 12. Nxc6 Qxc6 13. Nb6 Rb8 14. Nxc8 Rxc8
15. g5 Nd7 16. h4 Qa4 17. Kb1 O-O 18. Rh2 Ne5 19. Rf2 Rc6 20. Rc1 Rfc8 21. Bd4
Bf8 22. f4 Nd7 23. Bh3 Nc5 24. Bg2 b3 25. axb3 Nxb3 26. cxb3 Rxc1+ 27. Qxc1
Rxc1+ 28. Kxc1 Qxd4 29. Rf1 Qd3 0-1

[Event "Mechanics' Winter TNM; G/2 d5"]
[Site "San Francisco"]
[Date "2018.02.20"]
[Round "7.28"]
[White "Sherwood, Peter"]
[Black "Ross, Max"]
[Result "0-1"]
[WhiteElo "1651"]
[BlackElo "1452"]
[PlyCount "112"]
[EventDate "2018.??.??"]
[Source "ChessBase"]
[SourceDate "2007.09.04"]

1. d4 d5 2. c4 c6 3. Nf3 Nf6 4. Nc3 e6 5. e3 Bd6 6. Bd3 Nbd7 7. O-O e5 8. cxd5
cxd5 9. dxe5 Nxe5 10. Bb5+ Bd7 11. Bxd7+ Qxd7 12. Qe2 Nxf3+ 13. Qxf3 O-O 14.
Rd1 Rad8 15. b3 Qc6 16. Bb2 Be5 17. Rac1 Qe6 18. Rd2 Rd7 19. Rcd1 Rc8 20. Na4 (
20. Ne2 Ne4) (20. Nb1 Ne4 21. Re2 (21. Rxd5 $2 Rxd5 22. Rxd5 Qxd5 23. Bxe5 $4
Rc1+)) 20... Bxb2 21. Rxb2 (21. Nxb2 Ne4 22. Rd4 (22. Re2 Nc3) 22... Rc2) 21...
b5 22. Rbd2 bxa4 23. bxa4 Rdc7 24. h3 Rc1 25. Qe2 Rxd1+ 26. Qxd1 h6 27. Kf1 Rc4
28. Qb3 Qb6 29. Qd1 Qc6 30. Qb3 Rc1+ 31. Ke2 Qc4+ 32. Kf3 Qe4+ 33. Kg3 Rh1 34.
f3 Nh5+ 35. Kf2 Qh4+ 36. Ke2 Qc4+ 37. Qd3 Ra1 38. Qxc4 dxc4 39. Rc2 Ng3+ 40.
Kf2 Nf5 41. e4 Nd6 42. Ke3 f6 43. Kd4 Kf7 44. Kc5 Ke7 45. Kc6 g6 46. Kc5 Rd1
47. Kb4 Ke6 48. Ka5 Ke5 49. Ka6 Kd4 50. Kxa7 Kd3 51. Rf2 Rb1 52. a5 c3 53. a6
c2 54. Rf1 Rxf1 55. Kb8 Rb1+ 56. Kc7 c1=Q+ 0-1

[Event "Mechanics' Winter TNM; G/2 d5"]
[Site "San Francisco"]
[Date "2018.02.06"]
[Round "5.45"]
[White "Sherwood, Peter"]
[Black "Sandoval, Robert"]
[Result "1-0"]
[WhiteElo "1651"]
[BlackElo "1392"]
[Annotator "Sherwood"]
[PlyCount "113"]
[EventDate "2018.??.??"]
[Source "ChessBase"]
[SourceDate "2007.09.04"]

1. d4 Nf6 2. c4 d5 3. Nc3 Nc6 4. e3 Bf5 5. Qb3 e6 6. Qxb7 Nb4 7. Nb5 (7. Kd1
Rb8 (7... a6 8. a3 Rb8 9. Qa7 $11) 8. Qxa7 Ra8 $11) 7... Bd6 $2 (7... Rb8 8.
Qxa7 Nc2+ $19) (7... Nc2+ 8. Kd1 Rb8 9. Qc6+ (9. Nxc7+ $6 Kd7 $19) 9... Ke7 10.
e4 Bxe4 11. f3 Bg6 12. Bf4 Rxb5 13. cxb5 Nxa1 $19) 8. Nxd6+ cxd6 9. Qxb4 O-O
10. Nf3 dxc4 11. Bxc4 d5 12. Be2 a5 13. Qd2 Ne4 14. Qd1 Qb6 15. O-O Rfc8 16.
Nh4 Nd6 17. Nxf5 Nxf5 18. Rb1 Nd6 19. Bd2 Ne4 20. f3 Nxd2 21. Qxd2 Qb4 22. Rfd1
h6 23. Rbc1 Qxd2 24. Rxc8+ Rxc8 25. Rxd2 g5 26. Bd3 Kg7 27. Rc2 Rb8 28. Kf2 Rb4
29. Ke2 Kf6 30. b3 a4 31. bxa4 Rxa4 32. Kd2 Ra3 33. Rb2 Ke7 34. Bc2 Kd6 35. Bb3
f5 36. Rc2 Kd7 37. Rc5 h5 38. Kc3 Ra8 39. a4 Rc8 40. Rxc8 Kxc8 41. Kb4 f4 42.
exf4 gxf4 43. Kc5 Kc7 44. h4 Kd7 45. Kb6 Kd6 46. a5 e5 47. dxe5+ Kxe5 48. a6
Kd4 49. a7 Ke3 50. a8=Q Kf2 51. Qa2+ Kg3 52. Bxd5 Kxh4 53. Qf2+ Kg5 54. g3 fxg3
55. Qxg3+ Kh6 56. Be4 h4 57. Qg6# 1-0

[Event "Mechanics' Bedjanian TNM; G/2 d/5"]
[Site "San Francisco"]
[Date "2018.12.11"]
[Round "8.17"]
[White "Sherwood, Peter"]
[Black "Uribe, Luiz Antoni"]
[Result "1/2-1/2"]
[WhiteElo "1611"]
[BlackElo "1829"]
[Annotator "Winslow,Elliott"]
[PlyCount "61"]
[EventDate "2018.??.??"]
[Source "ChessBase"]
[SourceDate "2007.09.04"]

1. e4 c5 2. Nf3 Nc6 3. d4 cxd4 4. Nxd4 Qb6 5. Nb3 Nf6 6. Nc3 e6 7. Qe2 (7. Be3
Qc7 8. f4 d6 9. Bd3 Be7 10. O-O a6 11. Qf3 {
was a lot of games in the 60s and on, including mine...}) 7... d6 8. Be3 Qc7 9.
O-O-O {"I wish we had this when I was younger!"} a6 10. f4 Be7 11. g4 b5 12. g5
Nd7 13. Qf2 Bb7 14. Bg2 Rc8 15. Rd2 (15. a3) (15. Kb1) 15... g6 16. h4 Bf8 17.
Rhd1 (17. h5) 17... Na5 18. Nxa5 Qxa5 19. Bd4 Rg8 20. Kb1 b4 21. Ne2 Nc5 22.
Qe3 Be7 23. Bf6 Bxf6 24. gxf6 Rd8 25. Rxd6 Rxd6 26. Rxd6 b3 27. axb3 $6 (27.
cxb3 $1) 27... Qe1+ {[#]} 28. Ka2 $2 (28. Qc1 $3 Qxe2 (28... Qxc1+ 29. Kxc1
Bxe4 30. Bxe4 Nxe4 31. Rxa6 Nxf6 32. c4 {has White way ahead} ({or} 32. b4))
29. Bf1 {and getting the queen to the d-file is the end.} ({Even} 29. Bf3 $1 {
works --} Qxf3 30. Qd2 Bd5 31. exd5 Nb7)) 28... Qa5+ 29. Kb1 Qe1+ 30. Ka2 $2
Qa5+ 31. Kb1 1/2-1/2

[Event "Mechanics' Summer TNM; G/2 d5"]
[Site "San Francisco"]
[Date "2018.06.05"]
[Round "2.14"]
[White "Shi, Jaysen"]
[Black "Cendejas, Juan Rodolfo"]
[Result "1-0"]
[WhiteElo "1931"]
[BlackElo "1707"]
[PlyCount "91"]
[EventDate "2018.??.??"]
[Source "ChessBase"]
[SourceDate "2007.09.04"]

1. d4 Nf6 2. Bf4 d5 3. Nf3 Bf5 4. e3 e6 5. c3 Bd6 6. Bg3 O-O 7. Bd3 Bxd3 8.
Qxd3 Ne4 9. Nbd2 f5 10. Ne5 Nd7 11. Nxd7 Qxd7 12. Nxe4 fxe4 13. Qc2 b5 14. a4
a6 15. O-O c6 16. Ra2 Bxg3 17. hxg3 Ra7 18. Rfa1 Rfa8 19. Qb3 g5 20. Qb4 Kf7
21. Qc5 a5 22. b4 axb4 23. Qxb4 Qe7 24. Qb3 h5 25. axb5 Rxa2 26. Rxa2 Rxa2 27.
Qxa2 cxb5 28. Qe2 Kg6 29. Qxb5 g4 30. Qb8 Kh7 31. Qe5 Kg6 32. c4 dxc4 33. Qxe4+
Kf7 34. Qh7+ Kf8 35. Qh8+ Kf7 36. Qxh5+ Kf8 37. Qh8+ Kf7 38. Qh7+ Ke8 39. Qxe7+
Kxe7 40. Kf1 Kd6 41. Ke2 e5 42. dxe5+ Kxe5 43. Kd2 Kd5 44. Kc3 Kc5 45. e4 Kb5
46. f4 1-0

[Event "Mechanics' Summer TNM; G/2 d/5"]
[Site "San Francisco"]
[Date "2018.06.17"]
[Round "8.14"]
[White "Shi, Jaysen"]
[Black "Mays, Jerry L"]
[Result "0-1"]
[WhiteElo "1931"]
[BlackElo "1700"]
[PlyCount "88"]
[EventDate "2018.??.??"]
[Source "ChessBase"]
[SourceDate "2007.09.04"]

1. d4 g6 2. Nf3 Bg7 3. Bf4 c5 4. c3 Qb6 5. Qb3 d6 6. dxc5 Qxb3 7. axb3 dxc5 8.
Bxb8 Rxb8 9. Rxa7 Nf6 10. e3 O-O 11. Na3 Ne4 12. Bd3 Nd6 13. O-O Be6 14. Nc4 b5
15. Nce5 c4 16. Be2 b4 17. Nc6 bxc3 18. Nxb8 Rxb8 19. bxc4 cxb2 20. Nd2 Bf5 21.
Nb1 Ne4 22. g4 Be6 23. Bf3 Nc3 24. Nxc3 Bxc3 25. Be4 Bxc4 26. Rb1 Be6 27. f3
Bd2 28. Rb7 Rxb7 29. Bxb7 Bxe3+ 30. Kg2 Bc1 31. Be4 Ba2 32. Kg3 e6 33. Kf2 Kg7
34. Ke2 Kf6 35. h4 Ke5 36. g5 Kf4 37. Kf2 Bd5 38. Bxd5 exd5 39. Ke2 d4 40. Kd3
Kxf3 41. Kxd4 Kg4 42. Ke5 Kxh4 43. Kf6 Kh5 44. Kxf7 Kxg5 0-1